书目信息 |
| 题名: |
单片微型计算机原理、应用及接口技术
|
|
| 作者: | 张迎新 , 张迎新 编著 | |
| 分册: | ||
| 出版信息: | 北京 国防工业出版社 2004.01 |
|
| 页数: | 365页 | |
| 开本: | 26cm | |
| 丛书名: | ||
| 单 册: | ||
| 中图分类: | TP368.1 | |
| 科图分类: | ||
| 主题词: | 单片微型计算机--基本知识 , 单片微型计算机 | |
| 电子资源: | ||
| ISBN: | 7-118-03254-9 | |
| 000 | 00994nam0 2200277 45 | |
| 001 | 012003000000 | |
| 005 | 20050120092313.73 | |
| 010 | @a7-118-03254-9@dCNY 30.00 | |
| 100 | @a20031208d2004 ekmy0chiy0121 ea | |
| 101 | 0 | @achi |
| 102 | @aCN@b110000 | |
| 105 | @aak z 000yy | |
| 200 | 1 | @a单片微型计算机原理、应用及接口技术@Adan pian wei xing ji suan ji yuan li ying yong ji jie kou ji shu@f张迎新等编著@Fzhang ying xin deng bian zhu |
| 205 | @a第2版 | |
| 210 | @a北京@c国防工业出版社@d2004.01 | |
| 215 | @a365页@c图, 表格@d26cm | |
| 304 | @a本书的其他编著者: 雷道振, 陈胜, 杨遂来, 刘石明, 迟明华 | |
| 320 | @a本书末含附录和参考文献(第358-367页) | |
| 330 | @a本书介绍了单片机的硬件结构、工作原理、指令系统、汇编语言程序设计等内容。 | |
| 606 | 0 | @a单片微型计算机@x基本知识 |
| 606 | 0 | @a单片微型计算机 |
| 690 | @aTP368.1@v4 | |
| 701 | 0 | @a张迎新@Azhang ying xin@4编著 |
| 701 | 0 | @a张迎新@Azhang ying xin@4编著 |
| 801 | 0 | @aCN@bQSSKw@c20050120 |
| 905 | @a10447@dTP368.1@eZ2301 | |
| 单片微型计算机原理、应用及接口技术/张迎新等编著.-第2版.-北京:国防工业出版社,2004.01 |
| 365页:图, 表格;26cm |
| ISBN 7-118-03254-9:CNY 30.00 |
| 本书介绍了单片机的硬件结构、工作原理、指令系统、汇编语言程序设计等内容。 |
| ● |
| 相关链接 |
|
|
|
正题名:单片微型计算机原理、应用及接口技术
索取号:TP368.1/Z2301
 
预约/预借
| 序号 | 登录号 | 条形码 | 馆藏地/架位号 | 状态 | 备注 |
| 1 | 399325 | 203993250 | 自科二线504/504自科库 2排4列1层/ [索取号:TP368.1/Z2301] | 在馆 | |
| 2 | 399326 | 203993269 | 自科二线504/504自科库 2排4列1层/ [索取号:TP368.1/Z2301] | 在馆 | |
| 3 | 399327 | 203993278 | 自科二线404/301自科库 58排5列2层/ [索取号:TP368.1/Z2301] | 在馆 | |
| 4 | 439465 | 204394654 | 自科二线504/504自科库 3排1列1层/ [索取号:TP368.1/Z2301] | 在馆 | |
| 5 | 439466 | 204394663 | 自科库301/301自科库 63排5列1层/ [索取号:TP368.1/Z2301] | 在馆 | |
| 6 | 439467 | 204394672 | 自科库301/301自科库 63排5列1层/ [索取号:TP368.1/Z2301] | 在馆 |